Lex orandi or prayer and creed / (Record no. 147258)
[ view plain ]
| 000 -LEADER | |
|---|---|
| campo de control de longitud fija | 00425nam a2200157 i 4500 |
| 001 - NÚMERO DE CONTROL | |
| campo de control | 147258 |
| 003 - IDENTIFICADOR DE NÚMERO DE CONTROL | |
| campo de control | ES-MaACL |
| 005 - FECHA Y HORA DE LA ÚLTIMA TRANSACCIÓN | |
| campo de control | 20230906201913.0 |
| 007 - CAMPO FIJO DE DESCRIPCIÓN FÍSICA--INFORMACIÓN GENERAL | |
| campo de control de longitud fija | t| |
| 008 - DATOS DE LONGITUD FIJA--INFORMACIÓN GENERAL | |
| campo de control de longitud fija | 070925s1907 fr ||||1| fre d |
| 100 1# - ENTRADA PRINCIPAL--NOMBRE DE PERSONA | |
| Nombre de persona | Tyrrell, George. |
| 9 (RLIN) | 111809 |
| 245 14 - MENCIÓN DEL TÍTULO | |
| Título | Lex orandi or prayer and creed / |
| Mención de responsabilidad, etc. | George Tyrrell. |
| 260 ## - PUBLICACIÓN, DISTRIBUCIÓN, ETC. | |
| Lugar de publicación, distribución, etc. | Paris : |
| Nombre del editor, distribuidor, etc. | Green and Co, |
| Fecha de publicación, distribución, etc. | 1907. |
| 300 ## - DESCRIPCIÓN FÍSICA | |
| Extensión | XXXIV, 216 p. ; |
| Dimensiones | 20 cm. |
| 852 ## - LOCALIZACIÓN | |
| Ubicación | ES-MaACL |
| Número de control de estantería | F-10271 |
| Estatus retirado | Estado de pérdida | Estado de daño | No para préstamo | Biblioteca de origen | Biblioteca actual | Ubicación en estantería | Fecha de adquisición | Fuente de adquisición | Total de préstamos | Signatura topográfica completa | Código de barras | Visto por última vez | Precio de reemplazo | Tipo de ítem Koha |
|---|---|---|---|---|---|---|---|---|---|---|---|---|---|---|
| Biblioteca del Ateneo de Madrid | Biblioteca del Ateneo de Madrid | Sala Pecera Planta 2 | 17/01/2008 | F-10271 | 1153676 | 23/02/2023 | 23/02/2023 | Libro impreso |
